| 000 | 00675nam a22002297a 4500 | ||
|---|---|---|---|
| 005 | 20170124110220.0 | ||
| 010 | _aA-710345 | ||
| 020 |
_c00.00 _a0340405406 |
||
| 035 | _aA-710345 | ||
| 037 | _bCen Lib/Ret | ||
| 040 |
_aDPL _bEN |
||
| 082 |
_a921 _bMAL |
||
| 100 |
_aMalhotra, Inder _933637 |
||
| 245 |
_aIndira Gandhi : _cby Inder Malhotra _ba personal and political biography / |
||
| 260 |
_aLondon _bHodder & Stoughton _c1989 |
||
| 270 |
_a47 Bedford Sqaure _bLondon |
||
| 300 |
_a363p. _c22cm(Hb) |
||
| 500 | _aIncludes index | ||
| 650 |
_aGandhi, Indira -- 1917-1984 _939615 |
||
| 650 |
_aPrime ministers _916267 |
||
| 942 |
_2ddc _cEN _h921 _mMAL |
||
| 999 |
_c134045 _d134045 |
||